[Event "Poikovsky Karpov 05th"]
[Site "Poikovsky"]
[Date "2004.03.18"]
[Round "2"]
[White "Grischuk, Alexander"]
[Black "Sokolov, Ivan"]
[Result "1-0"]
[WhiteElo "2719"]
[BlackElo "2706"]
[Annotator "Wedberg,T"]
[PlyCount "59"]
[EventDate "2004.03.17"]
[EventType "tourn"]
[EventRounds "9"]
[EventCountry "RUS"]
[EventCategory "18"]
[SourceTitle "CBM 100"]
[Source "ChessBase"]
[SourceDate "2004.06.01"]
[SourceVersion "1"]
[SourceVersionDate "2004.06.01"]
[SourceQuality "1"]

1. e4 e5 2. Nf3 Nc6 3. Bb5 a6 4. Ba4 Nf6 5. O-O Be7 6. Re1 b5 7. Bb3 d6 8. c3
O-O 9. h3 Na5 10. Bc2 c5 11. d4 cxd4 12. cxd4 Bb7 13. d5 {Considered best.
White secures his space advantage and makes the B on b7 look a bit silly.} (13.
Nc3 {is also possible, but putting the N on c3 is not without problems.} Qc7 (
13... Rc8 14. d5 (14. Bd3 Nc4 15. b3 Nb6 16. Bb2 b4 $1 17. Na4 Nxa4 18. bxa4 d5
$10 {Anand,V-Cseshkovsky,V/Wijk aan Zee/1989 0-1 (40)/ Inf 47/(444)}) 14... Qc7
15. Re2 Nh5 $13 {Ivanchuk,V-El Taher,F/Manila olm/1992 1-0 (39)/ Inf 55/(362)})
14. Re2 (14. a3 $6 Rfe8 15. Bd3 Nc4 16. Qb3 exd4 17. Nxd4 d5 $15 {Ragozin,
V-Levenfish,G/URS-ch11 Leningrad/1939 0-1 (58)}) 14... Rac8 15. Bd3 Nc4 16. b3
Nb6 17. Bb2 b4 18. Na4 Nxa4 19. bxa4 d5 $132 {0-1 Gofshtein,L-Kosashvili,Y/
Rishon Le Ziyyon 1994/CBM 45/[Ernst] (35)}) 13... Rc8 14. b3 Qc7 15. Bd3 Nh5 (
15... Bxd5 $2 {is a tactical mistake} 16. exd5 e4 17. Bd2 $1 exf3 (17... Nb7
18. Bxe4 Nxe4 19. Rxe4 Bf6 20. Na3 Qc5 21. Bb4 {1-0 Hercik,J-Brom,J/Klatovy
1997/EXT 98 (21)}) 18. Bxa5 Qxa5 19. Rxe7 $16 {1-0 Kapengut,A-Hennings,A/
Schwedt 1969/EXT 2001 (27)}) (15... Nxe4 $6 {is not much better} 16. Bxe4 f5
17. Bd3 e4 18. Bg5 $1 Bf6 (18... Bxg5 19. Nxg5 exd3 20. Ne6 $16) 19. Bxf6 Rxf6
20. Be2 exf3 21. Bxf3 $14 {1-0 Morozevich,A-Ponomariov,R/Moscow 2001/CBM 86 
(33)}) 16. a4 $1 {[%mdl 8] Blacks minor pieces are in strange places and lack
communication. White only needs something to attack to have a clear advantage.
The text move starts softening the black Q-side.} (16. Bf1 f5 17. exf5 Nf4 18.
Bxf4 exf4 19. Na3 Bf6 20. Rb1 Qc3 21. Nxb5 {1/2-1/2 Ciocaltea,V-Smejkal,J/
Halle 1974/MCL (21)}) 16... b4 17. Bd2 f5 $1 {Black needs to bring his B on b7
in play. If he can chip away e4 and later d5 the situation looks much brighter.
} 18. Bxb4 Nf4 $1 {Sokolov plays for maximum activity - as usual.} (18... Qb6
19. Bd2 $1 Nxb3 $2 20. a5 $18) 19. Nc3 (19. Ra3 {protects everything, but
looks strange.}) 19... Nxb3 20. Rb1 Nc5 $2 {This move doesn´t work well here.}
(20... Nxd3 21. Qxd3 Na5 $5 {[%cal Ya5c4] keeps the game alive.}) 21. Bxc5 $1
Qxc5 (21... dxc5 22. d6 $1 Bxd6 23. Bc4+ Kh8 24. Rxb7 Qxb7 25. Qxd6 $16) 22.
Rxb7 Qxc3 23. Bxa6 Qa5 24. Rxe7 Qxa6 25. Nh4 fxe4 (25... Nd3 26. Nxf5 Rxf5 27.
exf5 Nxe1 28. Qg4 $18) 26. Qg4 $40 Rf7 27. Nf5 $18 h5 28. Qg5 e3 29. Rxf7 exf2+
30. Kh2 1-0

[Event "Poikovsky Karpov 05th"]
[Site "Poikovsky"]
[Date "2004.03.24"]
[Round "7"]
[White "Lautier, Joel"]
[Black "Grischuk, Alexander"]
[Result "1/2-1/2"]
[WhiteElo "2676"]
[BlackElo "2719"]
[Annotator "Lautier,J"]
[PlyCount "96"]
[EventDate "2004.03.17"]
[EventType "tourn"]
[EventRounds "9"]
[EventCountry "RUS"]
[EventCategory "18"]
[SourceTitle "CBM 100"]
[Source "ChessBase"]
[SourceDate "2004.06.01"]
[SourceVersion "1"]
[SourceVersionDate "2004.06.01"]
[SourceQuality "1"]

1. d4 Nf6 2. c4 e6 3. Nc3 Bb4 4. e3 O-O 5. Bd3 c5 6. Nf3 d5 7. O-O Nc6 8. a3
Bxc3 9. bxc3 Qc7 10. Bb2 Na5 11. cxd5 exd5 12. Ne5 c4 13. Bc2 Ne4 14. f3 (14.
Qh5 $6 g6 (14... f6 $2 15. Ng6 Rd8 16. Nf4 Qf7 17. Qxf7+ Kxf7 18. Nxd5 Bf5 19.
Nf4 $16) 15. Qh4 f6 16. Ng4 Bxg4 17. Qxg4 f5 $15) 14... Nd6 15. Qb1 (15. a4 $6
f6 16. Ba3 Re8 (16... fxe5 17. dxe5 Nf7 18. Bxf8 Kxf8 19. f4 $36) 17. f4 Ne4 (
17... fxe5 18. Qh5 g6 (18... e4 19. Bxd6 $14) 19. Bxg6 hxg6 20. Qxg6+ Qg7 21.
Qxd6 Nb3 22. Rae1 Nd2 (22... Be6 $6 23. f5 Bf7 24. Rf3 Rad8 25. Qc7 Qf6 26.
dxe5 Rxe5 27. Rg3+ Kh8 28. Rf1 $16) 23. Rf2 Bh3 24. Rxd2 Rad8 25. Qc5 exf4 $13)
18. Bxe4 dxe4 19. Qh5 Be6 20. f5 Bd5 21. Ng6 Nb3 $15) 15... g6 (15... Nb3 16.
Bxh7+ (16. Bxb3 cxb3 $15) 16... Kh8 17. Bc2 (17. Ra2 Nd2 18. Qe1 Nxf1 19. Bb1 (
19. Qh4 Qd8 20. Qh5 g6 21. Bxg6+ Kg7 22. Qh7+ Kf6 23. Qh4+ Ke6 $19) 19... Bf5
$17) 17... Nxa1 18. Bxa1 (18. Qxa1 Bf5 $15) 18... Qb6 (18... g6 19. e4) (18...
Be6 19. e4 $44) 19. Bb2 $44 (19. Qe1 Kg8 (19... Bf5 $2 20. Bxf5 Nxf5 21. e4 Nd6
22. Nd7 $16) 20. e4 (20. Qh4 Nf5) 20... Re8 21. Qg3 $44 (21. Kh1 $2 f6 22. Ng6
Bf5 23. Nh4 Bh7 $19) (21. Qh4 $2 Rxe5 22. Rb1 Nb5 23. Rxb5 Qxb5 24. dxe5 Qb6+
25. Kh1 dxe4 26. Bxe4 g6 $17) 21... f6 22. Ng6 dxe4 23. fxe4 Nxe4 24. Qh4 $36))
16. a4 f6 (16... Nb3 $2 17. Bxb3 cxb3 18. Ba3 f6 19. Qxb3 fxe5 20. Qxd5+ Nf7
21. Bxf8 Kxf8 22. Rac1 $16) 17. Ng4 (17. Ba3 $2 fxe5 18. dxe5 Nf5 19. Bxf8 Kxf8
20. Bxf5 Bxf5 21. e4 Qc5+ 22. Kh1 Be6 $17) 17... Bxg4 18. fxg4 Kg7 (18... Rae8
19. Ba3 Kg7 {->> 18...Kg7}) 19. Ba3 Rae8 (19... Rfe8 20. Bxd6 (20. Rf3 Re6)
20... Qxd6 21. e4 dxe4 22. Bxe4 Re7 23. Ra2 Rae8 $11) 20. Qb4 (20. Bxd6 Qxd6
21. Qb5 (21. e4 dxe4 22. Bxe4 Nb3 23. Ra2 Qe6 (23... Nxd4 $2 24. Rd1 $18) 24.
Re2 Qxg4 25. Rfe1 b6 $15) 21... b6 22. Rf3 (22. Rae1 Qa3 23. Qxd5 Qxc3 24. Be4
(24. Qd7+ Kh8 $17 (24... Kg8 25. Be4 $1)) 24... Re7 $36) 22... Re7 23. Raf1 $11
) 20... Rd8 21. Rf4 Rf7 22. Raf1 $6 (22. Qb2 Re8 23. Re1 $11) 22... Nb3 $1 (
22... b6 {/\ Nb3!} 23. Qb1 Re8 24. Bxd6 Qxd6 25. e4) 23. Bxb3 cxb3 (23... a5
24. Qc5 cxb3 25. Rxf6 Qxc5 26. Rxf7+ Nxf7 27. dxc5 (27. Bxc5 b5 $1 28. axb5 Nd6
29. Rb1 a4 $36) 27... Ne5 28. Rb1 Nxg4 29. Rxb3 Rd7 30. c6 bxc6 31. Bc5 Kf7 $11
) 24. Qxb3 Ne4 25. Rxe4 (25. Rc1 Nd2 26. Qa2 Nc4 27. Rf3 Re8 $15) 25... dxe4
26. c4 $15 Rc8 27. Rc1 (27. c5 b6 28. Qe6 bxc5 29. g5 (29. Bxc5 Qc6 30. Bd6 Qd7
$17 (30... Re8 $4 31. Bf8+)) 29... f5 30. Bxc5 Qc6 31. Bd6 Kg8 $15) 27... Qb6
28. Qd1 Qa6 29. c5 Rd7 30. Qb3 Qc6 31. a5 Rcc7 32. Rf1 (32. Rb1 $142) 32... Qd5
33. Qb1 (33. Qxd5 Rxd5 34. Rb1 Rdd7 {/\ Rc6} 35. a6 bxa6 36. Rb8 Rb7) 33... Rc6
34. Rf4 Re6 35. h3 h6 36. Bb4 Rf7 (36... b6 $6 37. cxb6 axb6 38. axb6 Rxb6 $2
39. Bf8+) 37. Be1 $6 $138 b6 $1 $17 38. axb6 axb6 39. cxb6 Rb7 40. Qc2 Rexb6
41. Bg3 (41. Qxe4 $2 Qxe4 42. Rxe4 Rb1 43. Kf1 Ra7 $19) 41... Rb2 $6 (41... Rc6
$1 42. Qxe4 Qxe4 43. Rxe4 Rc2 $17) 42. Qc8 $132 Re7 $2 (42... R2b3) 43. Rxf6 $3
$11 Kxf6 44. Qf8+ Ke6 (44... Qf7 $2 45. Bh4+ $1 (45. Qh8+ $2 Qg7 46. Be5+ Rxe5
47. dxe5+ Kf7 48. e6+ Kf6 $19) 45... g5 (45... Ke6 46. Qc8+ Kd6 (46... Rd7 $2
47. Qc6+ Rd6 48. d5+ Ke5 49. Bg3+ $18) 47. Bg3+ Re5 48. Bxe5+ Ke7 49. Qc7+ $16)
46. Qxh6+ Qg6 47. Bxg5+ Kf7 48. Qxg6+ Kxg6 49. Bxe7 Re2 50. d5 Rxe3 51. Kf2 Rd3
52. d6 $16) (44... Rf7 45. Be5+ Ke6 (45... Kg5 46. Bf4+ Kf6 47. Be5+ $11) 46.
Qe8+ Re7 47. Qg8+ $11) 45. Qg8+ Rf7 46. Qe8+ Re7 (46... Kf6 47. h4 $3 {/\ Be5}
(47. Be5+ $2 Kg5 $19) 47... Re7 48. Qf8+ Rf7 (48... Qf7 $2 49. Qh8+ Qg7 (49...
Ke6 50. Qe5+ Kd7 51. Qc7+ $18) 50. Be5+ Rxe5 51. dxe5+ Kf7 52. e6+ Kf6 53. g5+
$18) 49. Qe8 $11) 47. Qg8+ Rf7 48. Qe8+ Re7 1/2-1/2

[Event "Poikovsky Karpov 05th"]
[Site "Poikovsky"]
[Date "2004.03.25"]
[Round "8"]
[White "Rublevsky, Sergei"]
[Black "Grischuk, Alexander"]
[Result "1/2-1/2"]
[WhiteElo "2655"]
[BlackElo "2719"]
[PlyCount "30"]
[EventDate "2004.03.17"]
[EventType "tourn"]
[EventRounds "9"]
[EventCountry "RUS"]
[EventCategory "18"]
[SourceTitle "CBM 100"]
[Source "ChessBase"]
[SourceDate "2004.06.01"]
[SourceVersion "1"]
[SourceVersionDate "2004.06.01"]
[SourceQuality "1"]

1. e4 c5 2. Nf3 d6 3. Bb5+ Bd7 4. Bxd7+ Qxd7 5. c4 Nf6 6. Nc3 g6 7. O-O Bg7 8.
d4 cxd4 9. Nxd4 O-O 10. f3 Rc8 11. b3 d5 12. exd5 Nxd5 13. Nxd5 e6 14. Bh6 exd5
15. Bxg7 Kxg7 1/2-1/2

[Event "RUS-chT rapid"]
[Site "Sochi"]
[Date "2004.04.??"]
[Round "1"]
[White "Smirnov, Pavel"]
[Black "Grischuk, Alexander"]
[Result "0-1"]
[WhiteElo "2609"]
[BlackElo "2719"]
[PlyCount "58"]
[EventDate "2004.04.??"]
[EventType "team (rapid)"]
[EventRounds "9"]
[EventCountry "RUS"]
[SourceTitle "EXT 2005"]
[Source "ChessBase"]
[SourceDate "2004.11.15"]
[SourceVersion "1"]
[SourceVersionDate "2004.11.15"]
[SourceQuality "1"]

1. e4 c5 2. Nf3 Nc6 3. d4 cxd4 4. Nxd4 Nf6 5. Nc3 e5 6. Ndb5 d6 7. Bg5 a6 8.
Na3 b5 9. Bxf6 gxf6 10. Nd5 f5 11. c3 Bg7 12. Bd3 Be6 13. Qh5 O-O 14. O-O f4
15. Rfd1 Kh8 16. g3 Rg8 17. Kh1 Bf8 18. Be2 Rg5 19. Qf3 f5 20. gxf4 fxe4 21.
Qxe4 Bf5 22. Qe3 exf4 23. Nxf4 Ne5 24. Nd5 Bh6 25. f4 Ng4 26. Bxg4 Rxg4 27. Rg1
Qe8 28. Ne7 Qf7 29. Nxf5 Qd5+ 0-1

[Event "RUS-chT rapid"]
[Site "Sochi"]
[Date "2004.04.??"]
[Round "2"]
[White "Grischuk, Alexander"]
[Black "Volkov, Sergey"]
[Result "1/2-1/2"]
[WhiteElo "2719"]
[BlackElo "2630"]
[PlyCount "108"]
[EventDate "2004.04.??"]
[EventType "team (rapid)"]
[EventRounds "9"]
[EventCountry "RUS"]
[SourceTitle "EXT 2005"]
[Source "ChessBase"]
[SourceDate "2004.11.15"]
[SourceVersion "1"]
[SourceVersionDate "2004.11.15"]
[SourceQuality "1"]

1. e4 e6 2. d4 d5 3. Nc3 Nf6 4. e5 Nfd7 5. f4 c5 6. Nf3 a6 7. Be3 Qb6 8. a3 Nc6
9. dxc5 Bxc5 10. Na4 Qa5+ 11. b4 Qxa4 12. bxc5 f6 13. exf6 Nxf6 14. Bd3 Ng4 15.
Bd2 e5 16. fxe5 O-O 17. O-O Bf5 18. h3 Ngxe5 19. Nxe5 Qd4+ 20. Kh2 Qxe5+ 21.
Bf4 Qe6 22. Bd6 Rf7 23. Bxf5 Rxf5 24. Qg4 Rf6 25. Rxf6 Qxg4 26. hxg4 gxf6 27.
Rb1 Ra7 28. c3 Kf7 29. Kg3 Ke6 30. Kf4 d4 31. cxd4 Kd5 32. Kf5 Nxd4+ 33. Kxf6
Nb5 34. Rh1 b6 35. cxb6 Rb7 36. Rd1+ Kc6 37. Bc7 Nxc7 38. bxc7 Kxc7 39. Kg7
Kc6+ 40. Kh6 Rb3 41. Kxh7 Rxa3 42. g5 Rg3 43. g6 Rxg2 44. Rh1 Kb5 45. g7 a5 46.
Kh6 Rxg7 47. Kxg7 a4 48. Kf6 a3 49. Ke5 Kc4 50. Rh8 a2 51. Ra8 Kb3 52. Kd4 Kb2
53. Rb8+ Kc2 54. Ra8 Kb2 1/2-1/2

[Event "RUS-chT rapid"]
[Site "Sochi"]
[Date "2004.04.??"]
[Round "3"]
[White "Shomoev, Anton"]
[Black "Grischuk, Alexander"]
[Result "1/2-1/2"]
[WhiteElo "2483"]
[BlackElo "2719"]
[PlyCount "27"]
[EventDate "2004.04.??"]
[EventType "team (rapid)"]
[EventRounds "9"]
[EventCountry "RUS"]
[SourceTitle "EXT 2005"]
[Source "ChessBase"]
[SourceDate "2004.11.15"]
[SourceVersion "1"]
[SourceVersionDate "2004.11.15"]
[SourceQuality "1"]

1. e4 c6 2. d4 d5 3. Nc3 dxe4 4. Nxe4 Bf5 5. Ng3 Bg6 6. h4 h6 7. Nf3 Nd7 8. h5
Bh7 9. Bd3 Ngf6 10. Bf4 e6 11. Ne4 Nxe4 12. Ne5 Ndf6 13. g4 Be7 14. c3 1/2-1/2

[Event "RUS-chT rapid"]
[Site "Sochi"]
[Date "2004.04.??"]
[Round "5"]
[White "Rublevsky, Sergei"]
[Black "Grischuk, Alexander"]
[Result "1/2-1/2"]
[WhiteElo "2655"]
[BlackElo "2719"]
[PlyCount "21"]
[EventDate "2004.04.??"]
[EventType "team (rapid)"]
[EventRounds "9"]
[EventCountry "RUS"]
[SourceTitle "EXT 2005"]
[Source "ChessBase"]
[SourceDate "2004.11.15"]
[SourceVersion "1"]
[SourceVersionDate "2004.11.15"]
[SourceQuality "1"]

1. e4 c5 2. Nf3 d6 3. d4 Nf6 4. c4 e6 5. Nc3 Nc6 6. Be3 d5 7. cxd5 exd5 8. exd5
Nb4 9. Bc4 b5 10. Bb3 Bb7 11. O-O 1/2-1/2

[Event "RUS-chT rapid"]
[Site "Sochi"]
[Date "2004.04.??"]
[Round "9"]
[White "Najer, Evgeniy"]
[Black "Grischuk, Alexander"]
[Result "0-1"]
[WhiteElo "2602"]
[BlackElo "2719"]
[PlyCount "60"]
[EventDate "2004.04.??"]
[EventType "team (rapid)"]
[EventRounds "9"]
[EventCountry "RUS"]
[SourceTitle "EXT 2005"]
[Source "ChessBase"]
[SourceDate "2004.11.15"]
[SourceVersion "1"]
[SourceVersionDate "2004.11.15"]
[SourceQuality "1"]

1. e4 e5 2. Bc4 Nf6 3. d3 Nc6 4. Nf3 Bc5 5. c3 d6 6. Bb3 a6 7. Nbd2 Ba7 8. Nf1
Ne7 9. Ng3 Ng6 10. O-O O-O 11. h3 Be6 12. Re1 Re8 13. Bc2 d5 14. Ng5 Bd7 15.
exd5 h6 16. N5e4 Nxd5 17. Bb3 Be6 18. Nh5 f5 19. Neg3 Kh7 20. d4 f4 21. Ne4 Qh4
22. Qf3 Rad8 23. c4 Nde7 24. d5 Bc8 25. g4 fxg3 26. Nhxg3 Rf8 27. Qd3 Nf5 28.
c5 Nd4 29. f4 Nxb3 30. axb3 exf4 0-1

[Event "ACP Blitz Prelim3"]
[Site "Playchess.com INT"]
[Date "2004.04.14"]
[Round "1"]
[White "Grischuk, Alexander"]
[Black "Kasimdzhanov, Rustam"]
[Result "1-0"]
[WhiteElo "2719"]
[BlackElo "2652"]
[PlyCount "139"]
[EventDate "2004.04.14"]
[EventType "tourn (blitz)"]
[EventRounds "17"]
[EventCountry "GER"]
[EventCategory "12"]
[SourceTitle "CBM 099 Extra"]
[Source "ChessBase"]
[SourceDate "2004.05.04"]
[SourceVersion "1"]
[SourceVersionDate "2004.05.04"]
[SourceQuality "1"]

1. e4 e5 2. Nf3 Nc6 3. Bb5 a6 4. Ba4 Nf6 5. O-O Be7 6. Re1 b5 7. Bb3 O-O 8. d4
d6 9. c3 Bg4 10. Be3 exd4 11. cxd4 Na5 12. Bc2 c5 13. h3 Bxf3 14. Qxf3 cxd4 15.
Bxd4 Nc6 16. Be3 Rc8 17. Nc3 Ne5 18. Qe2 Nc4 19. Bb3 Nxe3 20. Qxe3 Nd7 21. Rad1
Nc5 22. e5 Nxb3 23. axb3 b4 24. Ne4 d5 25. Nd6 Bxd6 26. Rxd5 Bc5 27. Rxc5 Rxc5
28. Qxc5 Qd2 29. Re3 h6 30. Qd6 Qxd6 31. exd6 Rd8 32. Rd3 f6 33. f4 f5 34. Rd4
Kf7 35. Kf2 Ke6 36. Rxb4 Rxd6 37. Ke3 Rc6 38. Kd4 g5 39. Rc4 Rd6+ 40. Ke3 Rb6
41. b4 Kd5 42. Rd4+ Ke6 43. Kd3 Rb5 44. Kc4 Rb8 45. Kc5 Rb5+ 46. Kc6 Rb8 47. g4
fxg4 48. hxg4 gxf4 49. Rxf4 Ke5 50. Rf5+ Ke6 51. b5 axb5 52. Rxb5 Rg8 53. Rb4
Kf6 54. Re4 Kg5 55. b4 Rc8+ 56. Kb6 Rb8+ 57. Kc7 Rb5 58. Kc6 Rb8 59. b5 Rc8+
60. Kb7 Rc1 61. b6 Rb1 62. Kc7 Rc1+ 63. Kb8 Rb1 64. b7 Rb2 65. Kc7 Rc2+ 66. Kb6
Rb2+ 67. Kc6 Kh4 68. g5+ Kxg5 69. Re5+ Kg6 70. Rb5 1-0

[Event "ACP Blitz Prelim3"]
[Site "Playchess.com INT"]
[Date "2004.04.14"]
[Round "2"]
[White "Raetsky, Alexander"]
[Black "Grischuk, Alexander"]
[Result "0-1"]
[WhiteElo "2393"]
[BlackElo "2719"]
[PlyCount "92"]
[EventDate "2004.04.14"]
[EventType "tourn (blitz)"]
[EventRounds "17"]
[EventCountry "GER"]
[EventCategory "12"]
[SourceTitle "CBM 099 Extra"]
[Source "ChessBase"]
[SourceDate "2004.05.04"]
[SourceVersion "1"]
[SourceVersionDate "2004.05.04"]
[SourceQuality "1"]

1. d4 Nf6 2. c4 g6 3. Nc3 d5 4. Nf3 Bg7 5. Bg5 Ne4 6. cxd5 Nxg5 7. Nxg5 e6 8.
Nf3 exd5 9. b4 O-O 10. e3 c6 11. Be2 Qd6 12. Qb3 Be6 13. O-O Nd7 14. Rac1 a6
15. a4 b5 16. a5 Rfe8 17. Rfe1 Bf8 18. Na2 Rac8 19. Rc2 Bf5 20. Bd3 Bg4 21. Nd2
Nf6 22. Rec1 Qd7 23. Nf1 Bd6 24. Nc3 Qe7 25. Rb2 Be6 26. h3 Ne4 27. Bxe4 dxe4
28. Qc2 Bc4 29. Nd2 Bd3 30. Qb3 Kg7 31. d5 c5 32. bxc5 Rxc5 33. Na2 Qe5 34. g3
Rxd5 35. Nb4 Bxb4 36. Qxb4 h5 37. h4 Red8 38. Rc6 R5d6 39. Rxd6 Rxd6 40. Nf1
Rc6 41. Kg2 Rc4 42. Qd2 Qf6 43. Nh2 Qc6 44. Ra2 Rc1 45. Qb2+ Qc3 46. Qxc3+ Rxc3
0-1

[Event "ACP Blitz Prelim3"]
[Site "Playchess.com INT"]
[Date "2004.04.14"]
[Round "3"]
[White "Grischuk, Alexander"]
[Black "Atarov, Evgeniy"]
[Result "1-0"]
[WhiteElo "2719"]
[BlackElo "2138"]
[PlyCount "105"]
[EventDate "2004.04.14"]
[EventType "tourn (blitz)"]
[EventRounds "17"]
[EventCountry "GER"]
[EventCategory "12"]
[SourceTitle "CBM 099 Extra"]
[Source "ChessBase"]
[SourceDate "2004.05.04"]
[SourceVersion "1"]
[SourceVersionDate "2004.05.04"]
[SourceQuality "1"]

1. e4 e5 2. Nf3 Nc6 3. Bb5 a6 4. Ba4 Nf6 5. O-O Nxe4 6. d4 b5 7. Bb3 d5 8. dxe5
Be6 9. Be3 Be7 10. c3 Qd7 11. Nbd2 Nc5 12. Bc2 Bg4 13. Qb1 Bh5 14. Bf5 Ne6 15.
b4 Bg6 16. a4 Rb8 17. axb5 axb5 18. Nb3 O-O 19. Rd1 Rfd8 20. h4 Qe8 21. Ra6 Rb7
22. Rd2 Nb8 23. Raa2 Nc6 24. Rd1 Bf8 25. Rad2 Ne7 26. Bxg6 hxg6 27. Nbd4 Nc6
28. Nxe6 Qxe6 29. Bf4 Ne7 30. Nd4 Qg4 31. g3 Rb6 32. e6 Rxe6 33. Nxe6 fxe6 34.
Bxc7 Rd7 35. Rd4 Qh5 36. g4 Qxh4 37. Bg3 Qg5 38. Qc1 Qf6 39. Qf4 Nc6 40. R4d3
Qe7 41. Qe3 Qf6 42. Re1 Kf7 43. Qb6 Nd8 44. Qxb5 Qe7 45. Rf3+ Kg8 46. Bh4 Qd6
47. Qe2 Nf7 48. Qxe6 Qxe6 49. Rxe6 d4 50. Rd3 Ne5 51. Rxe5 Rd6 52. Rxd4 Rxd4
53. cxd4 1-0

[Event "ACP Blitz Prelim3"]
[Site "Playchess.com INT"]
[Date "2004.04.14"]
[Round "5"]
[White "Grischuk, Alexander"]
[Black "Nielsen, Peter Heine"]
[Result "1-0"]
[WhiteElo "2719"]
[BlackElo "2628"]
[PlyCount "91"]
[EventDate "2004.04.14"]
[EventType "tourn (blitz)"]
[EventRounds "17"]
[EventCountry "GER"]
[EventCategory "12"]
[SourceTitle "CBM 099 Extra"]
[Source "ChessBase"]
[SourceDate "2004.05.04"]
[SourceVersion "1"]
[SourceVersionDate "2004.05.04"]
[SourceQuality "1"]

1. d4 d5 2. c4 c6 3. Nf3 Nf6 4. Nc3 dxc4 5. a4 Bf5 6. Ne5 Nbd7 7. Nxc4 Qc7 8.
g3 e5 9. dxe5 Nxe5 10. Bf4 Nfd7 11. Bg2 g5 12. Ne3 gxf4 13. Nxf5 O-O-O 14. Qc2
Nc5 15. O-O Ne6 16. Qe4 fxg3 17. hxg3 Nc5 18. Qh4 Ng6 19. Qh5 a5 20. Rad1 Rxd1
21. Rxd1 Ne6 22. e3 Qe5 23. Ne4 Kc7 24. Qf3 h5 25. Nfd6 Bxd6 26. Qxf7+ Be7 27.
Qxg6 Nc5 28. f4 Qe6 29. Qxe6 Nxe6 30. Kf2 Nc5 31. Nxc5 Bxc5 32. Kf3 Rd8 33.
Rxd8 Kxd8 34. Bf1 Ke7 35. b3 Bb4 36. Bd3 Be1 37. e4 h4 38. gxh4 Bxh4 39. e5 Kf7
40. f5 Be7 41. Ke4 Bd8 42. Kf4 Bc7 43. f6 Ke6 44. Bc4+ Kd7 45. Kf5 Bb8 46. e6+
1-0

[Event "ACP Blitz Prelim3"]
[Site "Playchess.com INT"]
[Date "2004.04.14"]
[Round "8"]
[White "Grischuk, Alexander"]
[Black "Lautier, Joel"]
[Result "0-1"]
[WhiteElo "2719"]
[BlackElo "2680"]
[PlyCount "82"]
[EventDate "2004.04.14"]
[EventType "tourn (blitz)"]
[EventRounds "17"]
[EventCountry "GER"]
[EventCategory "12"]
[SourceTitle "CBM 099 Extra"]
[Source "ChessBase"]
[SourceDate "2004.05.04"]
[SourceVersion "1"]
[SourceVersionDate "2004.05.04"]
[SourceQuality "1"]

1. e4 c5 2. Nf3 Nc6 3. Bb5 e6 4. O-O Nge7 5. Ba4 d5 6. exd5 exd5 7. d4 Bg4 8.
Re1 cxd4 9. Nbd2 Qd6 10. h3 Bh5 11. Nb3 O-O-O 12. Nbxd4 Nxd4 13. Qxd4 Bxf3 14.
gxf3 Nc6 15. Qg4+ Qd7 16. Qxd7+ Rxd7 17. Re8+ Rd8 18. Rxd8+ Kxd8 19. Be3 Kc7
20. Rd1 Be7 21. Rxd5 a6 22. Bf4+ Kb6 23. Rd7 Bf6 24. Be3+ Ka5 25. Bxc6 bxc6 26.
b3 Rd8 27. Rb7 Rd1+ 28. Kg2 h5 29. Bf4 Bd8 30. Rxf7 g5 31. Bxg5 Bxg5 32. f4 Bd8
33. c3 Kb6 34. Kf3 Rd3+ 35. Ke4 Rxh3 36. c4 Rh2 37. b4 a5 38. Rd7 Bh4 39. c5+
Ka6 40. bxa5 Rxf2 41. Rb7 Kxb7 0-1

[Event "ACP Blitz Prelim3"]
[Site "Playchess.com INT"]
[Date "2004.04.14"]
[Round "9"]
[White "Relange, Eloi"]
[Black "Grischuk, Alexander"]
[Result "1-0"]
[WhiteElo "2505"]
[BlackElo "2719"]
[PlyCount "73"]
[EventDate "2004.04.14"]
[EventType "tourn (blitz)"]
[EventRounds "17"]
[EventCountry "GER"]
[EventCategory "12"]
[SourceTitle "CBM 099 Extra"]
[Source "ChessBase"]
[SourceDate "2004.05.04"]
[SourceVersion "1"]
[SourceVersionDate "2004.05.04"]
[SourceQuality "1"]

1. Nf3 Nf6 2. d4 e6 3. c4 b6 4. a3 Bb7 5. Nc3 d5 6. cxd5 Nxd5 7. Qc2 Nxc3 8.
bxc3 c5 9. Bf4 Nc6 10. e3 Bd6 11. Bg3 Rc8 12. Qa4 O-O 13. Be2 Na5 14. O-O Bxg3
15. hxg3 Qe8 16. Bb5 Bc6 17. Rab1 Bxb5 18. Qxb5 Qxb5 19. Rxb5 cxd4 20. cxd4
Rfd8 21. Ne5 f6 22. Nf3 Rc3 23. Ra1 Kf7 24. Kf1 Rdc8 25. Rb2 h5 26. Ne1 Rc1 27.
Raa2 Ke7 28. Ke2 Kd6 29. Rc2 b5 30. Rxc8 Rxc8 31. Kd2 Nb3+ 32. Kd1 Rc1+ 33. Ke2
Na5 34. Nd3 Rg1 35. a4 b4 36. Nxb4 Rxg2 37. Kf1 1-0

[Event "ACP Blitz Prelim3"]
[Site "Playchess.com INT"]
[Date "2004.04.14"]
[Round "11"]
[White "Fressinet, Laurent"]
[Black "Grischuk, Alexander"]
[Result "0-1"]
[WhiteElo "2638"]
[BlackElo "2719"]
[PlyCount "98"]
[EventDate "2004.04.14"]
[EventType "tourn (blitz)"]
[EventRounds "17"]
[EventCountry "GER"]
[EventCategory "12"]
[SourceTitle "CBM 099 Extra"]
[Source "ChessBase"]
[SourceDate "2004.05.04"]
[SourceVersion "1"]
[SourceVersionDate "2004.05.04"]
[SourceQuality "1"]

1. e4 e5 2. Nf3 Nc6 3. Bb5 a6 4. Ba4 Nf6 5. O-O b5 6. Bb3 Bc5 7. a4 Rb8 8. d3
d6 9. Be3 Bxe3 10. fxe3 O-O 11. axb5 axb5 12. Nc3 Be6 13. Nd5 Bxd5 14. exd5 Ne7
15. e4 Ng6 16. Qd2 Ra8 17. Ra5 Qb8 18. Rfa1 Qb6+ 19. Kh1 Rxa5 20. Qxa5 Qf2 21.
Qd2 Qb6 22. g3 Ng4 23. h3 Nh6 24. g4 Nf4 25. Kh2 f6 26. d4 Nf7 27. Qa5 Qb8 28.
Qa7 Qc8 29. Qa6 Qb8 30. Ra5 h5 31. Qxb5 Qc8 32. Qa6 Qd8 33. Qf1 hxg4 34. hxg4
Qd7 35. Kg3 Nh6 36. Nh2 Qf7 37. Ra7 Qg6 38. Kf3 f5 39. exf5 Nxf5 40. gxf5 Rxf5
41. Qh1 e4+ 42. Ke3 Qg3+ 43. Kd2 e3+ 44. Kc1 e2 45. Kd2 Ng2 46. Kxe2 Rf2+ 47.
Kd1 Qe3 48. Nf3 Qxf3+ 49. Kc1 Rf1+ 0-1

[Event "ACP Blitz Prelim3"]
[Site "Playchess.com INT"]
[Date "2004.04.14"]
[Round "13"]
[White "Luther, Thomas"]
[Black "Grischuk, Alexander"]
[Result "0-1"]
[WhiteElo "2577"]
[BlackElo "2719"]
[PlyCount "58"]
[EventDate "2004.04.14"]
[EventType "tourn (blitz)"]
[EventRounds "17"]
[EventCountry "GER"]
[EventCategory "12"]
[SourceTitle "CBM 099 Extra"]
[Source "ChessBase"]
[SourceDate "2004.05.04"]
[SourceVersion "1"]
[SourceVersionDate "2004.05.04"]
[SourceQuality "1"]

1. e4 e5 2. Nf3 Nc6 3. Bb5 a6 4. Ba4 Nf6 5. O-O Be7 6. Re1 b5 7. Bb3 O-O 8. c3
d6 9. h3 Na5 10. Bc2 c5 11. d4 cxd4 12. cxd4 Bb7 13. Nc3 Rc8 14. dxe5 dxe5 15.
Nxe5 Qc7 16. Ng4 Rfd8 17. Nxf6+ Bxf6 18. Qh5 Bxc3 19. bxc3 Qxc3 20. Bg5 Qxc2
21. Bxd8 Rxd8 22. Rac1 Qa4 23. Rc7 Qxa2 24. Re3 Qe6 25. Rg3 h6 26. Qc5 Bxe4 27.
Qc3 Bg6 28. Qxa5 Rd1+ 29. Kh2 Kh7 0-1